| 000 | 00520nam a2200193 a 4500 | ||
|---|---|---|---|
| 005 | 20210223125344.0 | ||
| 008 | 040422s2001 mx r 000 0 spa d | ||
| 020 | _a9507243321 | ||
| 035 | _aUPN01000133055 | ||
| 049 | _aF | ||
| 050 | 4 |
_aTT699 _bD5.6 |
|
| 100 | 1 | _aD'Momo, Susana | |
| 245 | 1 | 0 |
_aPintura sobre tela / _cSusana D'Momo. |
| 260 |
_aBuenos Aires : _bLumen, _c2001. |
||
| 300 |
_a48 p. : _bil. col. |
||
| 440 | 4 | _aLos secretos de las manualidades | |
| 650 | 4 |
_aARTESANIAS TEXTILES _95095 |
|
| 905 | _aLibro | ||
| 999 |
_c105208 _d105208 |
||